[Event "51st Groningen Open A 2013"]
[Site "Groningen NED"]
[Date "2013.12.24"]
[Round "4.36"]
[White "Calzetta Ruiz, Monica"]
[Black "Majhi, Ankit"]
[Result "1/2-1/2"]
[WhiteTitle "WGM"]
[WhiteElo "2234"]
[BlackElo "2058"]
[WhiteFideId "2204185"]
[BlackFideId "1033735"]
[EventDate "2013.12.21"]

1. e4 e5 2. Nf3 Nc6 3. Bb5 a6 4. Ba4 Nf6 5. O-O Be7 6. Re1 b5 7. Bb3 O-O 8. a4
Bb7 9. d3 Re8 10. Nbd2 Bf8 11. c3 d5 12. exd5 Nxd5 13. axb5 axb5 14. Rxa8 Bxa8
15. d4 Nf4 16. Ne4 h6 17. Bc2 Ng6 18. Qd3 exd4 19. Qxb5 dxc3 20. Rd1 cxb2 21.
Bxb2 Qb8 22. Qxb8 Nxb8 23. Nfd2 Bb4 24. f3 Rd8 25. Ra1 Nc6 26. Nc4 Bb7 27. Ne3
Nce5 28. Nf5 Bc8 29. Ra8 Rf8 30. Neg3 Bc5+ 31. Kf1 Be6 32. Rxf8+ Kxf8 33. f4
Bc4+ 34. Ke1 Bd3 1/2-1/2

[Event "51st Groningen Open A 2013"]
[Site "Groningen NED"]
[Date "2013.12.24"]
[Round "4.37"]
[White "Stavast, Dick"]
[Black "Christiansen, Johan-Sebastian"]
[Result "0-1"]
[WhiteElo "2066"]
[BlackElo "2217"]
[WhiteFideId "1014005"]
[BlackFideId "1512668"]
[EventDate "2013.12.21"]

1. g3 e5 2. Bg2 Nf6 3. d3 d5 4. Nf3 Nc6 5. O-O Be7 6. c4 O-O 7. cxd5 Nxd5 8. Nc3
Be6 9. Nxd5 Bxd5 10. b3 Qd7 11. Bb2 f6 12. Rc1 a5 13. e4 Bf7 14. d4 Qd6 15. dxe5
fxe5 16. Qxd6 Bxd6 17. Ng5 Nb4 18. Nxf7 Rxf7 19. Bh3 Re7 20. a4 Nd3 21. Rc2 Nc5
22. f4 exf4 23. e5 Bxe5 24. Bxe5 Rxe5 25. gxf4 Rh5 26. Bg4 Rh4 27. h3 b6 28. Re1
h5 29. Bf3 Rc8 30. Rc4 Nxb3 31. Bb7 Rd8 32. Kg2 Nc5 33. Rxc5 bxc5 0-1

[Event "51st Groningen Open A 2013"]
[Site "Groningen NED"]
[Date "2013.12.24"]
[Round "4.39"]
[White "Balje, Jan"]
[Black "Veltman, Anne"]
[Result "1-0"]
[WhiteElo "2198"]
[BlackElo "2052"]
[WhiteFideId "1004085"]
[BlackFideId "1026917"]
[EventDate "2013.12.21"]

1. b3 c5 2. Bb2 Nc6 3. e3 d5 4. Bb5 Bf5 5. Nf3 f6 6. Nh4 Be6 7. f4 Qb6 8. f5 Bf7
9. Be2 g5 10. Bh5 Nh6 11. Ng6 g4 12. Nf4 Bxh5 13. Nxh5 d4 14. e4 c4 15. Nf4
O-O-O 16. d3 e5 17. fxe6 Bb4+ 18. Kf2 Bc3 19. Qc1 f5 20. Nd5 Rxd5 21. exd5 Ne5
22. Bxc3 g3+ 23. Ke2 dxc3 24. Qe3 cxd3+ 25. cxd3 Qxe3+ 26. Kxe3 Nhg4+ 27. Kd4 c2
28. Na3 gxh2 29. Rac1 b6 30. Rxc2+ Kb7 31. Nb5 Rd8 32. e7 1-0

[Event "51st Groningen Open A 2013"]
[Site "Groningen NED"]
[Date "2013.12.24"]
[Round "4.40"]
[White "Schoehuijs, Erik"]
[Black "Dijkhuis, Sven"]
[Result "1-0"]
[WhiteElo "2180"]
[BlackElo "1941"]
[WhiteFideId "1004425"]
[BlackFideId "1036556"]
[EventDate "2013.12.21"]

1. d4 Nf6 2. c4 c5 3. d5 e6 4. Nc3 exd5 5. cxd5 d6 6. e4 g6 7. Nf3 Bg7 8. h3 O-O
9. Bd3 a6 10. a4 Nbd7 11. O-O Nh5 12. Bg5 Bf6 13. Be3 b6 14. Nd2 Re8 15. Be2 Ng7
16. Qc2 Ra7 17. Rfe1 Bg5 18. Bg4 Bxe3 19. Rxe3 Ne5 20. Bxc8 Qxc8 21. f4 Nd7 22.
Nc4 Qb8 23. g4 f6 24. Rae1 g5 25. fxg5 fxg5 26. e5 Nxe5 27. Nxe5 dxe5 28. Ne4
Qd8 29. Rf3 Rf8 30. Rxf8+ Kxf8 31. a5 Qxd5 32. Nxg5 Ke8 33. Rd1 Qc6 34. Qxh7 Qf6
35. Qg8+ Qf8 36. Rd8+ 1-0

[Event "51st Groningen Open A 2013"]
[Site "Groningen NED"]
[Date "2013.12.24"]
[Round "4.41"]
[White "Ypma, Peter"]
[Black "Keetman, Maaike"]
[Result "1-0"]
[WhiteElo "2179"]
[BlackElo "1899"]
[WhiteFideId "1027255"]
[BlackFideId "1033697"]
[EventDate "2013.12.21"]

1. f4 d5 2. Nf3 Nf6 3. g3 Bf5 4. Bg2 e6 5. O-O Nbd7 6. c4 c6 7. b3 Be7 8. Kh1
O-O 9. d3 Qb6 10. Nc3 Nc5 11. Be3 Qa5 12. Qe1 Qc7 13. Bg1 Rfd8 14. Rc1 Nfd7 15.
cxd5 exd5 16. b4 Na6 17. Nxd5 Qd6 18. Nxe7+ Qxe7 19. Nd4 Be6 20. a3 Nf6 21. f5
Bc8 22. e4 Nd7 23. Qc3 Ne5 24. Rcd1 Rd6 25. Ne6 fxe6 26. Qxe5 Rd8 27. f6 gxf6
28. Rxf6 Rf8 29. Qg5+ Kh8 30. Bd4 1-0

[Event "51st Groningen Open A 2013"]
[Site "Groningen NED"]
[Date "2013.12.24"]
[Round "4.42"]
[White "Senders, Mischa"]
[Black "Offringa, Joost"]
[Result "0-1"]
[WhiteElo "2058"]
[BlackElo "2178"]
[WhiteFideId "1038370"]
[BlackFideId "1025880"]
[EventDate "2013.12.21"]

1. e4 d6 2. d4 Nf6 3. Nc3 g6 4. Bg5 Bg7 5. f4 O-O 6. Nf3 d5 7. Bxf6 exf6 8. exd5
Nd7 9. Qd2 Re8+ 10. Be2 Nb6 11. O-O-O Nxd5 12. Nxd5 Qxd5 13. Kb1 Bf5 14. Bd3 Bg4
15. Be2 Bh6 16. h3 Be6 17. b3 Qe4 18. g3 Bxb3 19. axb3 Qxe2 20. Qxe2 Rxe2 21.
Rhe1 Rae8 22. Rxe2 Rxe2 23. Rd3 Rg2 24. Nd2 Bf8 25. Ne4 Kg7 26. d5 Bb4 27. c4
Be1 28. c5 f5 29. d6 cxd6 30. Nxd6 Rxg3 31. Kc2 Rxd3 32. Kxd3 Ba5 33. Kd4 Bd2
34. Nxb7 Bxf4 35. Kd5 Bc7 36. Kc6 f4 37. Nd6 f3 38. Ne4 Bf4 39. b4 f5 40. Nf2
Be3 41. Nd1 f4 42. Kb7 f2 43. Nxf2 Bxf2 44. Kxa7 f3 0-1

[Event "51st Groningen Open A 2013"]
[Site "Groningen NED"]
[Date "2013.12.24"]
[Round "4.44"]
[White "Den Hartog, Marijn"]
[Black "Lyell, Mark"]
[Result "0-1"]
[BlackTitle "FM"]
[WhiteElo "2025"]
[BlackElo "2247"]
[WhiteFideId "1046098"]
[BlackFideId "402354"]
[EventDate "2013.12.21"]

1. e4 c6 2. d4 d5 3. e5 c5 4. c3 Nc6 5. Nf3 Bg4 6. Be2 e6 7. O-O Nge7 8. Nbd2
Qb6 9. Nb3 cxd4 10. Nfxd4 Bxe2 11. Qxe2 Nxd4 12. Nxd4 Nc6 13. Rd1 Bc5 14. Nb3
O-O-O 15. Nxc5 Qxc5 16. Be3 Qc4 17. Qh5 g6 18. Qg5 Rd7 19. Qg3 Qe4 20. Bg5 h5
21. h4 Kb8 22. Rd3 Rc8 23. Rad1 Ka8 24. Bf6 Qa4 25. a3 Qb5 26. b4 Ne7 27. Qg5
Nf5 28. Qd2 Rdc7 29. f3 Rc4 30. Qe1 Qc6 31. Rc1 Qa6 32. Qe2 Qxa3 33. Rc2 d4 0-1

[Event "51st Groningen Open A 2013"]
[Site "Groningen NED"]
[Date "2013.12.24"]
[Round "4.45"]
[White "Lee, Kai Jie Edward"]
[Black "Bakels, Anton"]
[Result "1-0"]
[WhiteElo "2145"]
[BlackElo "2026"]
[WhiteFideId "5802920"]
[BlackFideId "1046187"]
[EventDate "2013.12.21"]

1. e4 c5 2. Nf3 d6 3. d4 cxd4 4. Nxd4 Nf6 5. Nc3 g6 6. Be2 Bg7 7. O-O Nc6 8. Be3
O-O 9. Qd2 Bd7 10. f3 Rc8 11. Rac1 Re8 12. Rfd1 a6 13. Nd5 Nxd4 14. Bxd4 Nxd5
15. exd5 Bxd4+ 16. Qxd4 Qa5 17. Kh1 Qc5 18. Qd2 e6 19. dxe6 Rxe6 20. Bf1 Rce8
21. b4 Qh5 22. Qf4 Bb5 23. c4 Bc6 24. Rxd6 Re3 25. Rd8 Rxd8 26. Qxe3 Qf5 27. Kg1
Re8 28. Qf2 Qf4 29. Rd1 Re3 30. Qb2 Re5 31. Rd3 b5 32. g3 Qf5 33. Rd8+ Be8 34.
c5 Re1 35. Qf2 Qe5 36. Qd2 Qa1 37. Qd3 Kg7 38. Rd6 1-0

[Event "51st Groningen Open A 2013"]
[Site "Groningen NED"]
[Date "2013.12.24"]
[Round "4.47"]
[White "Khelaia, Giorgi"]
[Black "Hummel, Joop"]
[Result "1-0"]
[WhiteElo "2110"]
[BlackElo "2006"]
[WhiteFideId "13604600"]
[BlackFideId "1012126"]
[EventDate "2013.12.21"]

1. c4 e6 2. Nc3 d5 3. d4 c6 4. Nf3 Nf6 5. Bg5 dxc4 6. e4 b5 7. e5 h6 8. Bh4 g5
9. Nxg5 Nd5 10. Nxf7 Qxh4 11. Nxh8 Bb4 12. Qd2 c5 13. dxc5 Nd7 14. O-O-O Nxe5
15. f4 Bxc3 16. bxc3 Qxf4 17. Qxf4 Nxf4 18. Rd4 Nfd3+ 19. Bxd3 Nxd3+ 20. Kd2 e5
21. Rd6 Nxc5 22. Re1 Ke7 23. Rxh6 Nd3 24. Re3 Be6 25. Rh7+ Kd6 26. Nf7+ Bxf7 27.
Rxf7 Ke6 28. Rb7 Rg8 29. g3 Rf8 30. Rxb5 Rf2+ 31. Re2 Rf7 32. a4 Rd7 33. Kc2 Rc7
34. a5 Nc5 35. g4 e4 36. Rxc5 Rxc5 37. Rxe4+ Kf6 38. h4 Rxa5 39. Rxc4 1-0

[Event "51st Groningen Open A 2013"]
[Site "Groningen NED"]
[Date "2013.12.24"]
[Round "4.48"]
[White "Mollema, Thomas"]
[Black "Zojer, Stefan"]
[Result "1/2-1/2"]
[WhiteElo "1977"]
[BlackElo "2089"]
[WhiteFideId "1034987"]
[BlackFideId "1616455"]
[EventDate "2013.12.21"]

1. e4 e5 2. Nf3 Nc6 3. Bb5 a6 4. Ba4 Nf6 5. Qe2 b5 6. Bb3 Be7 7. c3 O-O 8. O-O
d6 9. h3 Bb7 10. d4 Re8 11. Nbd2 Bf8 12. Rd1 exd4 13. cxd4 Na5 14. Bc2 c5 15.
dxc5 dxc5 16. Nc4 Qc7 17. Nxa5 Qxa5 18. e5 Rad8 19. Bg5 Rxd1+ 20. Rxd1 Bxf3 21.
Qxf3 Rxe5 22. Bxf6 Re1+ 23. Kh2 Rxd1 24. Qxd1 gxf6 25. Qh5 h6 26. Qg4+ Bg7 27.
Qc8+ Bf8 28. Qg4+ Bg7 29. Qc8+ Bf8 30. Qg4+ 1/2-1/2

[Event "51st Groningen Open A 2013"]
[Site "Groningen NED"]
[Date "2013.12.24"]
[Round "4.51"]
[White "Hummel, Paul"]
[Black "Sandvik, Thomas"]
[Result "1-0"]
[WhiteElo "2011"]
[BlackElo "2083"]
[WhiteFideId "1021168"]
[BlackFideId "503231"]
[EventDate "2013.12.21"]

1. Nf3 Nf6 2. g3 d5 3. Bg2 c6 4. d4 Bf5 5. O-O e6 6. b3 Be7 7. Bb2 Nbd7 8. Nbd2
Ne4 9. Ne1 Ndf6 10. f3 Nxd2 11. Qxd2 O-O 12. c4 Rc8 13. Nd3 b6 14. Rfe1 Bg6 15.
e4 c5 16. cxd5 exd5 17. e5 Ne8 18. Bh3 Rc6 19. Rac1 Bxd3 20. Qxd3 Nc7 21. f4 Rh6
22. Bg2 Qd7 23. f5 Rd8 24. Rf1 Nb5 25. e6 fxe6 26. fxe6 Qe8 27. dxc5 bxc5 28.
Rf7 Bf6 29. e7 Bxb2 30. exd8=Q Qxd8 31. Bxd5 Rd6 32. Rcf1 Rg6 33. Rd7+ 1-0

[Event "51st Groningen Open A 2013"]
[Site "Groningen NED"]
[Date "2013.12.26"]
[Round "5.2"]
[White "Romanov, Evgeny"]
[Black "Spoelman, Wouter"]
[Result "1-0"]
[WhiteTitle "GM"]
[BlackTitle "GM"]
[WhiteElo "2654"]
[BlackElo "2585"]
[WhiteFideId "4148843"]
[BlackFideId "1010891"]
[EventDate "2013.12.21"]

1. e4 c5 2. Nf3 Nf6 3. e5 Nd5 4. Nc3 Nxc3 5. dxc3 Nc6 6. Bf4 e6 7. h4 b6 8. Bb5
Bb7 9. Qe2 h6 10. O-O-O a6 11. Bd3 b5 12. Be4 Qc7 13. Qe3 O-O-O 14. Nd2 c4 15.
Bf3 Ne7 16. Bxb7+ Kxb7 17. Qf3+ Nd5 18. Ne4 f6 19. Rhe1 g5 20. Bg3 g4 21. Qe2 f5
22. Nd6+ Bxd6 23. exd6 Qc6 24. Be5 Rhg8 25. Qd2 f4 26. g3 Rdf8 27. gxf4 Rf5 28.
Rg1 h5 29. f3 g3 30. Qd4 Qb6 31. Qe4 g2 32. Rd4 Rg3 33. Qe2 Nxf4 34. Qe4+ Qc6
35. Qxc6+ Kxc6 36. Bxf4 Rxf3 37. Bh2 Rf1+ 38. Rd1 R5f2 39. Re1 Rxe1+ 40. Rxe1
Rf1 41. Kd2 Rh1 42. Bg1 Rxh4 43. Ke3 Kxd6 44. Kf3 Rg4 45. Bh2+ Kc6 46. Rg1 Kd5
47. Bg3 e5 48. Rxg2 e4+ 49. Ke3 Ke6 50. Kf2 h4 51. Bc7 Rxg2+ 52. Kxg2 Kf5 53.
Kh3 e3 54. Kxh4 e2 55. Bg3 e1=Q 56. Bxe1 Kf4 57. a4 Ke3 58. axb5 axb5 59. b4
cxb3 60. cxb3 d6 61. b4 d5 62. Bg3 1-0

[Event "51st Groningen Open A 2013"]
[Site "Groningen NED"]
[Date "2013.12.26"]
[Round "5.3"]
[White "Kovchan, Alexander"]
[Black "L'Ami, Erwin"]
[Result "1/2-1/2"]
[WhiteTitle "GM"]
[BlackTitle "GM"]
[WhiteElo "2562"]
[BlackElo "2645"]
[WhiteFideId "14103052"]
[BlackFideId "1007998"]
[EventDate "2013.12.21"]

1. e4 e5 2. Nf3 Nc6 3. Nc3 Nf6 4. d4 exd4 5. Nxd4 Bc5 6. Be3 Bb6 7. Bb5 O-O 8.
O-O Nxd4 9. Bxd4 d6 10. Re1 Bxd4 11. Qxd4 Bd7 12. Bc4 a6 13. e5 dxe5 14. Rxe5
Re8 15. Rae1 Rxe5 16. Qxe5 b5 17. Bb3 Qe8 18. Kf1 Qxe5 19. Rxe5 Kf8 20. Nd5 Nxd5
21. Rxd5 Be8 22. c3 1/2-1/2

[Event "51st Groningen Open A 2013"]
[Site "Groningen NED"]
[Date "2013.12.26"]
[Round "5.7"]
[White "Beerdsen, Thomas"]
[Black "Greenfeld, Alon"]
[Result "0-1"]
[BlackTitle "GM"]
[WhiteElo "2154"]
[BlackElo "2531"]
[WhiteFideId "1030108"]
[BlackFideId "2800039"]
[EventDate "2013.12.21"]

1. e4 e5 2. Nf3 Nc6 3. Bb5 a6 4. Ba4 Nf6 5. O-O Be7 6. Re1 b5 7. Bb3 O-O 8. a4
b4 9. d3 d6 10. Nbd2 Na5 11. Ba2 c5 12. c3 Rb8 13. h3 Be6 14. Bxe6 fxe6 15. Qe2
Qe8 16. d4 exd4 17. cxd4 Nh5 18. Qxa6 Nf4 19. Qxa5 Qg6 20. g3 Nxh3+ 21. Kf1 Qg4
22. Qc7 Bg5 23. Re2 Bxd2 24. Nxd2 Qxg3 25. Ke1 Nxf2 26. Nf1 Qh4 27. Kd2 Nxe4+
28. Kd3 Nf2+ 29. Kc2 Qxd4 0-1

[Event "51st Groningen Open A 2013"]
[Site "Groningen NED"]
[Date "2013.12.26"]
[Round "5.8"]
[White "Azaladze, Shota"]
[Black "Donchenko, Alexander"]
[Result "1-0"]
[WhiteTitle "IM"]
[BlackTitle "IM"]
[WhiteElo "2482"]
[BlackElo "2455"]
[WhiteFideId "13603027"]
[BlackFideId "24603295"]
[EventDate "2013.12.21"]

1. Nf3 c5 2. g3 Nc6 3. Bg2 g6 4. O-O Bg7 5. e4 d6 6. d3 Nf6 7. Re1 O-O 8. h3 e5
9. c4 a6 10. Nc3 Rb8 11. Bd2 b5 12. b3 h6 13. Nd5 Bd7 14. Rc1 b4 15. Ra1 a5 16.
Nxf6+ Qxf6 17. Nh2 Qd8 18. Ng4 h5 19. Ne3 a4 20. a3 Nd4 21. bxa4 b3 22. a5 Ba4
23. Rb1 Nc2 24. Rf1 Bh6 25. Nd5 Bxd2 26. Qxd2 Nxa3 27. Rb2 Nc2 28. f4 Bc6 29. f5
Bxd5 30. f6 Kh7 31. exd5 Rh8 32. Be4 Qf8 33. Rf5 Qh6 34. Rg5 h4 35. g4 Kg8 36.
Kf2 Nd4 37. Rb1 Ra8 38. Ra1 Ra6 39. Bf5 Qf8 40. Bxg6 fxg6 41. Rxg6+ Kf7 42. Rg7+
Ke8 43. Qg5 Kd8 44. Kg2 Ra8 45. a6 b2 46. Rb1 Rxa6 47. Rxb2 Ra8 48. Qd2 Kc8 49.
Ra2 Rb8 50. Qa5 1-0

[Event "51st Groningen Open A 2013"]
[Site "Groningen NED"]
[Date "2013.12.26"]
[Round "5.9"]
[White "Cernousek, Lukas"]
[Black "De Jong, Migchiel"]
[Result "1-0"]
[WhiteTitle "IM"]
[BlackTitle "IM"]
[WhiteElo "2455"]
[BlackElo "2347"]
[WhiteFideId "311707"]
[BlackFideId "1002848"]
[EventDate "2013.12.21"]

1. d4 e6 2. c4 Bb4+ 3. Nd2 c5 4. a3 Bxd2+ 5. Qxd2 cxd4 6. Qxd4 Nf6 7. b4 a5 8.
b5 d6 9. a4 e5 10. Qd3 Be6 11. Ba3 d5 12. Qg3 Nbd7 13. cxd5 Bxd5 14. e4 Bxe4 15.
Bc4 Qb6 16. Nf3 Bxf3 17. Qxf3 Qd4 18. Rc1 e4 19. Qg3 Ne5 20. Rd1 Nf3+ 21. Qxf3
Qxc4 22. Qg3 Rd8 23. Rc1 Qe6 24. O-O h5 25. Rfd1 Nd5 26. Qxg7 Qf6 27. Qg3 h4 28.
Qg4 Qe5 29. Rc5 e3 30. Rcxd5 exf2+ 31. Kxf2 Qf6+ 32. Rf5 Qb6+ 33. Bc5 1-0

[Event "51st Groningen Open A 2013"]
[Site "Groningen NED"]
[Date "2013.12.26"]
[Round "5.10"]
[White "Pijpers, Arthur"]
[Black "Ernst, Sipke"]
[Result "0-1"]
[BlackTitle "GM"]
[WhiteElo "2366"]
[BlackElo "2566"]
[WhiteFideId "1019554"]
[BlackFideId "1004689"]
[EventDate "2013.12.21"]

1. e4 e5 2. Nf3 Nc6 3. Bb5 a6 4. Ba4 Nf6 5. O-O Be7 6. Re1 b5 7. Bb3 d6 8. c3
O-O 9. h3 Na5 10. Bc2 c5 11. d4 Qc7 12. Nbd2 Be6 13. Nf1 Nc4 14. b3 Nb6 15. Ne3
a5 16. a4 c4 17. bxc4 Nxa4 18. Bxa4 bxa4 19. Nd5 Nxd5 20. cxd5 Bd7 21. Ba3 exd4
22. cxd4 Rab8 23. Qc1 Qb7 24. Qf4 f5 25. exf5 Rxf5 26. Qg3 Re8 27. Bxd6 Bxd6 28.
Rxe8+ Bxe8 29. Qxd6 Qxd5 30. Qe7 Bc6 31. Rc1 h6 32. Rc5 Qe4 33. Qxe4 Bxe4 34.
Ne5 Rf8 35. f3 Bb7 36. Rxa5 Ra8 37. Rxa8+ Bxa8 38. Nc4 Bd5 39. Na3 g5 40. Kf2
Kf7 41. g3 Ke6 42. Ke3 Kf5 43. Nb5 Bc6 44. Nd6+ Ke6 45. Nc4 Bb5 46. Na3 Bf1 47.
f4 gxf4+ 48. Kxf4 Kd5 49. Ke3 Bxh3 50. Kd3 h5 51. Kc3 Ke4 52. Nc4 Kf3 53. d5
Kxg3 54. Ne5 Bf5 55. d6 h4 56. Nc4 h3 57. Ne3 Be6 58. Kd4 a3 0-1

[Event "51st Groningen Open A 2013"]
[Site "Groningen NED"]
[Date "2013.12.26"]
[Round "5.12"]
[White "Van Foreest, Jorden"]
[Black "Klein, David"]
[Result "1/2-1/2"]
[BlackTitle "IM"]
[WhiteElo "2326"]
[BlackElo "2491"]
[WhiteFideId "1039784"]
[BlackFideId "1003623"]
[EventDate "2013.12.21"]

1. c4 g6 2. Nf3 Bg7 3. d4 d6 4. Nc3 Bg4 5. g3 Bxf3 6. exf3 e6 7. Bg2 Ne7 8. d5
exd5 9. Nxd5 Nxd5 10. Qxd5 Qe7+ 11. Be3 c6 12. Qd2 O-O 13. O-O-O Nd7 14. Rhe1
Nb6 15. b3 d5 1/2-1/2

[Event "51st Groningen Open A 2013"]
[Site "Groningen NED"]
[Date "2013.12.26"]
[Round "5.14"]
[White "Svane, Rasmus"]
[Black "Struik, Tjapko"]
[Result "0-1"]
[WhiteTitle "IM"]
[WhiteElo "2472"]
[BlackElo "2262"]
[WhiteFideId "4657101"]
[BlackFideId "1011243"]
[EventDate "2013.12.21"]

1. d4 Nf6 2. c4 e6 3. Nc3 Bb4 4. e3 b6 5. Ne2 Ba6 6. a3 Bxc3+ 7. Nxc3 d5 8. Qf3
O-O 9. cxd5 Nxd5 10. Bxa6 Nxa6 11. e4 Nxc3 12. bxc3 c5 13. Qe2 Qc8 14. O-O Rd8
15. Bb2 Nb8 16. Rad1 Qa6 17. dxc5 Rc8 18. c4 Nc6 19. Rd7 e5 20. cxb6 axb6 21.
Rfd1 h6 22. h3 Ra7 23. Rxa7 Qxa7 24. Qg4 Rc7 25. Rd6 Qa4 26. Bc1 h5 27. Qxh5
Qxc4 28. Be3 Qxe4 29. Bxb6 Qb1+ 30. Kh2 Qxb6 31. Qxe5 Nxe5 32. Rxb6 Ra7 33. Rb5
Nc4 34. Rc5 Nxa3 35. f4 Ra4 36. f5 Rc4 37. Re5 Rc8 38. g4 Nc4 39. Re7 Rd8 40.
Re4 Nd2 41. Rf4 Rd4 42. Rxd4 Nf3+ 43. Kg3 Nxd4 44. Kf4 Kf8 45. h4 Nc6 46. g5 Ne7
47. Kg4 Ng8 48. Kf4 Ke7 49. Ke5 f6+ 50. Ke4 Kd6 51. Kd4 Kc6 52. Ke4 Kc5 53. Kf4
Kd5 54. Kf3 Ke5 55. Kg4 Ke4 56. gxf6 gxf6 57. Kh5 Ne7 58. Kh6 Nxf5+ 59. Kg6 Ke5
60. h5 Ke6 0-1

[Event "51st Groningen Open A 2013"]
[Site "Groningen NED"]
[Date "2013.12.26"]
[Round "5.15"]
[White "Pel, Bonno"]
[Black "Danielian, Elina"]
[Result "0-1"]
[WhiteTitle "FM"]
[BlackTitle "GM"]
[WhiteElo "2313"]
[BlackElo "2462"]
[WhiteFideId "1004760"]
[BlackFideId "13300210"]
[EventDate "2013.12.21"]

1. Nc3 d5 2. e4 c6 3. Qe2 dxe4 4. Nxe4 g6 5. g3 Bg7 6. Bg2 Nh6 7. Nf3 O-O 8. O-O
Bg4 9. h3 Bxf3 10. Qxf3 Nf5 11. c3 Nd7 12. d4 e5 13. dxe5 Nxe5 14. Qe2 Qd3 15.
Qxd3 Nxd3 16. Rd1 Rad8 17. Bg5 f6 18. Bf1 Nxf2 19. Rxd8 Rxd8 20. Nxf6+ Bxf6 21.
Bxf6 Rd1 22. Rxd1 Nxd1 23. g4 Nfe3 24. b3 Kf7 25. Bd4 c5 26. Bxc5 Nxf1 27. Kxf1
Nxc3 28. Bxa7 Nxa2 29. Be3 Ke6 30. Ke2 Nb4 31. Kf3 Nc2 32. Bb6 Na1 33. b4 Nc2
34. Bc5 Ke5 35. h4 h5 36. gxh5 gxh5 37. Ke2 Ke4 38. Kd2 Na3 39. Kc3 b5 40. Be7
Nc4 41. Bd8 Ne3 42. Bg5 Nd5+ 43. Kb3 Kd3 44. Bh6 Ne7 45. Bg7 Nf5 46. Bf6 Nd4+
47. Kb2 Kc4 48. Kc1 Nc6 49. Kd2 Nxb4 50. Ke2 Nd5 51. Be5 b4 52. Ba1 Nf4+ 53. Kd2
Kb3 54. Be5 Ng6 55. Bf6 Ka2 56. Ke3 b3 57. Ke4 Nxh4 0-1

[Event "51st Groningen Open A 2013"]
[Site "Groningen NED"]
[Date "2013.12.26"]
[Round "5.16"]
[White "Javakhadze, Zurab"]
[Black "Burg, Brent"]
[Result "1-0"]
[WhiteTitle "IM"]
[WhiteElo "2451"]
[BlackElo "2227"]
[WhiteFideId "13603647"]
[BlackFideId "1019465"]
[EventDate "2013.12.21"]

1. g3 f5 2. d4 Nf6 3. Bg2 d5 4. c4 e6 5. Nd2 c6 6. Nh3 Bd6 7. Qc2 O-O 8. O-O Kh8
9. Nf3 Ne4 10. Nf4 Qf6 11. Nd3 Nd7 12. Bf4 h6 13. e3 g5 14. Be5 Bxe5 15. Nfxe5
Qg7 16. f4 Nxe5 17. Nxe5 Bd7 18. Bxe4 fxe4 19. fxg5 hxg5 20. Qe2 Kg8 21. Qg4
dxc4 22. Qxe4 Rxf1+ 23. Rxf1 Rf8 24. Rxf8+ Kxf8 25. Nxc4 Ke7 26. h4 b5 27. Ne5
gxh4 28. Qxh4+ Kd6 29. Qf4 Qh7 30. Ng6+ Kd5 31. Qg5+ Kc4 32. Ne5+ Kb4 33. e4 Ka4
34. Qd2 b4 35. Nd3 Qe7 36. Nc5+ Kb5 37. Qe2+ Kb6 38. Qa6+ Kc7 39. Qxa7+ 1-0

[Event "51st Groningen Open A 2013"]
[Site "Groningen NED"]
[Date "2013.12.26"]
[Round "5.18"]
[White "Wacker, Peter"]
[Black "Bellia, Fabrizio"]
[Result "1-0"]
[WhiteTitle "FM"]
[BlackTitle "IM"]
[WhiteElo "2293"]
[BlackElo "2424"]
[WhiteFideId "4615751"]
[BlackFideId "800511"]
[EventDate "2013.12.21"]

1. e4 e5 2. Nf3 Nc6 3. d4 exd4 4. Nxd4 Nf6 5. Nc3 Bb4 6. Nxc6 bxc6 7. Bd3 d5 8.
exd5 cxd5 9. O-O O-O 10. Bg5 c6 11. Qf3 Bd6 12. Rfe1 Rb8 13. Rab1 h6 14. Bxf6
Qxf6 15. Qxf6 gxf6 16. Ne2 Be5 17. b4 a5 18. a3 axb4 19. axb4 Ra8 20. c3 Ra3 21.
Rec1 Bd7 22. Ra1 Rfa8 23. Rxa3 Rxa3 24. Kf1 h5 25. h3 Bd6 26. Nd4 Bf4 27. Rc2 c5
28. bxc5 Ra1+ 29. Ke2 Ba4 30. g3 Bh6 31. c6 Bxc2 32. Bxc2 Ra5 33. c7 Rc5 34. Nb5
d4 35. c4 1-0

[Event "51st Groningen Open A 2013"]
[Site "Groningen NED"]
[Date "2013.12.26"]
[Round "5.21"]
[White "Chytilek, Roman"]
[Black "Van Osch, Mees"]
[Result "1/2-1/2"]
[WhiteTitle "IM"]
[WhiteElo "2374"]
[BlackElo "2139"]
[WhiteFideId "304980"]
[BlackFideId "1035967"]
[EventDate "2013.12.21"]

1. d4 Nf6 2. Nf3 c5 3. d5 b5 4. Bg5 Qb6 5. a4 b4 6. a5 Qc7 7. Bxf6 exf6 8. e4 g6
9. c3 Ba6 10. Bxa6 Nxa6 11. Qe2 Qb7 12. Nbd2 Bg7 13. Nc4 Qb8 14. Ne3 Nc7 15. O-O
bxc3 16. bxc3 O-O 17. Rab1 Qc8 18. Qc4 d6 19. Rfe1 Rb8 20. Qa4 Qe8 21. Qc6 Qxc6
22. dxc6 f5 23. exf5 Bxc3 24. Rec1 Bxa5 25. Nc4 Rxb1 26. Rxb1 Bb4 27. Nxd6 f6
28. g4 a5 29. Ra1 Ra8 30. fxg6 hxg6 31. Nc4 Ra6 32. g5 Rxc6 33. Nxa5 Ra6 34. Nb3
Rxa1+ 35. Nxa1 Kf7 36. Kf1 Ne6 37. gxf6 Kxf6 38. Ke2 Kf5 39. Nh4+ Kg5 40. Nf3+
Kg4 41. Nc2 Nf4+ 42. Ke3 Nd5+ 43. Ke4 Nf6+ 44. Ke3 Bc3 45. Ng1 Be5 46. h3+ Kf5
47. Ne2 Ne4 48. Na3 Nd6 49. Kd3 Bh2 50. Nc4 Nxc4 51. Kxc4 Ke4 52. Kxc5 Kf3 53.
Nd4+ Kxf2 54. Ne6 Kg3 1/2-1/2